000
00302nam a2200109Ia 4500
008
190907s9999||||xx |||||||||||||| ||und||
100
_a
Christopher Viney
245
0
_a
Mc Grath's Financial Institutions Instruments And Markets
260
_a
Canada
_b
Tata McGraw Hill
_c
2003
300
_a
735
942
_c
BK
999
_c
6424
_d
6424